Normal view MARC view
  • Ashton-Warner, Sylvia

Entry Personal Name

Number of records used in: 1

001 - CONTROL NUMBER

  • control field: 153748

003 - CONTROL NUMBER IDENTIFIER

  • control field: TR-AnTOB

005 - DATE AND TIME OF LATEST TRANSACTION

  • control field: 20260416164150.0

008 - FIXED-LENGTH DATA ELEMENTS

  • fixed length control field: 791011n| azannaabn |a aaa

010 ## - LIBRARY OF CONGRESS CONTROL NUMBER

  • LC control number: n 79086422

035 ## - SYSTEM CONTROL NUMBER

  • System control number: (OCoLC)oca00318860

040 ## - CATALOGING SOURCE

  • Original cataloging agency: DLC
  • Language of cataloging: eng
  • Description conventions: rda
  • Transcribing agency: DLC
  • Modifying agency: DLC
  • Modifying agency: OCoLC
  • Modifying agency: Nz
  • Modifying agency: OCoLC
  • Modifying agency: IEN
  • Modifying agency: WaU
  • Modifying agency: OCoLC
  • Modifying agency: TR-AnTOB

046 ## - SPECIAL CODED DATES

  • Birth date: 1908-12-17
  • Death date: 1984-04-28
  • Source of date scheme: edtf

053 #0 - LC CLASSIFICATION NUMBER

  • Classification number element--single number or beginning number of span: PR9639.3.A8

100 1# - HEADING--PERSONAL NAME

  • Personal name: Ashton-Warner, Sylvia

368 ## - OTHER ATTRIBUTES OF PERSON OR CORPORATE BODY

  • Other designation: New Zealanders
  • Source: lcdgt

370 ## - ASSOCIATED PLACE

  • Place of birth: Stratford (N.Z.)
  • Place of death: Tauranga (N.Z.)
  • Associated country: New Zealand
  • Source of term: naf

372 ## - FIELD OF ACTIVITY

  • Field of activity: Novels
  • Field of activity: Autobiographies
  • Source of term: lcgft

372 ## - FIELD OF ACTIVITY

  • Field of activity: Education
  • Source of term: lcsh

374 ## - OCCUPATION

  • Occupation: Educators
  • Occupation: Teachers
  • Occupation: Authors
  • Occupation: Novelists
  • Source of term: lcsh

377 ## - ASSOCIATED LANGUAGE

  • Language code: eng

378 ## - FULLER FORM OF PERSONAL NAME

  • Fuller form of personal name: Sylvia Constance

400 1# - SEE FROM TRACING--PERSONAL NAME

  • Personal name: Warner, Sylvia Ashton-

400 1# - SEE FROM TRACING--PERSONAL NAME

  • Personal name: Ashton-Warner, Sylvia Constance

670 ## - SOURCE DATA FOUND

  • Source citation: Her Spinster, 1959, c1958.

670 ## - SOURCE DATA FOUND

  • Source citation: NZ files, Aug. 28, 2001
  • Information found: (hdg.: Ashton-Warner, Sylvia, 1908-1984)

670 ## - SOURCE DATA FOUND

  • Source citation: Info. converted from 678, 2012-09-24
  • Information found: (b. 1908)

670 ## - SOURCE DATA FOUND

  • Source citation: Dictionary of New Zealand biography, via WWW, May 8, 2019
  • Information found: (Ashton-Warner, Sylvia Constance; 1908-1984; educationalist, teacher, writer; Sylvia Constance Ashton Warner (whose pen-name was Sylvia Ashton-Warner) was born in Stratford, Taranaki, on 17 December 1908; died at home in Tauranga on 28 April 1984; her educational theory was expressed in the form of novels (Spinster, Bell call) or as autobiography (Teacher, Spearpoint: 'teacher' in America). Her other novels, such as Greenstone, Incense to idols and Three, remain largely unknown to an educationalist audience)

688 ## - APPLICATION HISTORY NOTE

  • Institution to which field applies: TR-AnTOB
  • Application history note: GU 16.04.2026
Devinim Yazılım Eğitim Danışmanlık tarafından Koha'nın orjinal sürümü uyarlanarak geliştirilip kurulmuştur.